[Event "Sharjah Masters-A 8th"]
[Site "Sharjah"]
[Date "2025.05.17"]
[Round "1"]
[White "Vakhidov, Jahongir"]
[Black "Tabatabaei, Mohammad Amin"]
[Result "0-1"]
[WhiteElo "2546"]
[BlackElo "2670"]
[PlyCount "86"]
[EventDate "2025.05.17"]
[EventType "swiss"]
[EventRounds "9"]
[EventCountry "UAE"]
[SourceTitle "CB22_2025"]
[SourceDate "2025.05.28"]
[SourceVersion "1"]
[SourceVersionDate "2025.05.28"]
[SourceQuality "1"]

1. c4 e5 2. Nc3 Nf6 3. Nf3 Nc6 4. e4 Bb4 5. d3 d6 6. Be2 0-0 7. 0-0 Bc5 8. h3 a5 9. Nd2 Ne7 10. Nb3 Ng6 11. Kh1 Re8 12. Na4 b6 13. Nc3 Bd7 14. Be3 h6 15. Nxc5 bxc5 16. Qd2 Be6 17. Kh2 Rf8 18. g3 Qd7 19. g4 Qe7 20. Rg1 Nh7 21. Raf1 Qf6 22. f4 Nxf4 23. Bxf4 exf4 24. Qxf4 Rfb8 25. Qg3 Qd4 26. Nb5 Rxb5 27. cxb5 Bxa2 28. Bf3 Be6 29. e5 d5 30. Qf2 Qxe5+ 31. Kh1 Rb8 32. Qxc5 Ng5 33. Bg2 Qg3 34. Qf2 Qxd3 35. Kh2 Qxb5 36. Qf4 Qxb2 37. Rb1 Rb4 38. Qxc7 Qa2 39. Ra1 Qe2 40. Qg3 a4 41. Rge1 Qb5 42. Re3 Rb2 43. Qf4 Rxg2+ 0-1

[Event "Asia-ch"]
[Site "Al Ain"]
[Date "2025.05.11"]
[Round "5"]
[White "Tabatabaei, Mohammad Amin"]
[Black "Megaranto, Susanto"]
[Result "1-0"]
[WhiteElo "2670"]
[BlackElo "2477"]
[PlyCount "79"]
[EventDate "2025.05.07"]
[EventType "swiss"]
[EventRounds "9"]
[EventCountry "UAE"]
[SourceTitle "CB21_2025"]
[SourceDate "2025.05.21"]
[SourceVersion "1"]
[SourceVersionDate "2025.05.21"]
[SourceQuality "1"]

1. e4 d5 2. exd5 Qxd5 3. Nc3 Qa5 4. d4 c6 5. Bd2 Bf5 6. g4 Bg6 7. f4 e6 8. Qe2 Be7 9. h4 h5 10. f5 exf5 11. g5 Na6 12. 0-0-0 f4 13. Kb1 Nb4 14. Rc1 0-0-0 15. Bxf4 Bd6 16. Bh3+ Kb8 17. Bxd6+ Rxd6 18. Nf3 f6 19. Rhg1 Bf7 20. a3 Nd5 21. Nxd5 Bxd5 22. c4 Bxf3 23. Qxf3 Qd8 24. d5 cxd5 25. cxd5 Ne7 26. gxf6 Rxf6 27. Qg3+ Qd6 28. Qxg7 Rhf8 29. Be6 Rf3 30. Rg5 Rf1 31. Rxf1 Rxf1+ 32. Ka2 a5 33. Rxh5 Rc1 34. Rh8+ Ka7 35. Qd4+ b6 36. h5 Qc7 37. Rh7 Qd6 38. h6 Ka6 39. Rf7 Nc6 40. Bc8+ 1-0

[Event "Asia-ch Blitz"]
[Site "Al Ain"]
[Date "2025.05.10"]
[Round "4"]
[White "Abdulazizov, Asilbek"]
[Black "Tabatabaei, Mohammad Amin"]
[Result "1-0"]
[WhiteElo "1759"]
[BlackElo "2670"]
[PlyCount "87"]
[EventDate "2025.05.10"]
[EventType "swiss (blitz)"]
[EventRounds "9"]
[EventCountry "UAE"]
[SourceTitle "CB20_2025"]
[SourceDate "2025.05.14"]
[SourceVersion "1"]
[SourceVersionDate "2025.05.14"]
[SourceQuality "1"]

1. e4 e6 2. d4 d5 3. Nc3 Bb4 4. e5 c5 5. a3 Bxc3+ 6. bxc3 Qa5 7. Bd2 Qa4 8. Qg4 g6 9. h4 h5 10. Qf4 Nc6 11. Nf3 Bd7 12. dxc5 Qxc2 13. Nd4 Qe4+ 14. Qxe4 dxe4 15. Nb5 Rb8 16. Nd6+ Kf8 17. Nxe4 Nge7 18. Bg5 Ng8 19. Rd1 Be8 20. f4 Nce7 21. Be2 Bc6 22. Bf3 Nf5 23. Kf2 Kg7 24. Rd2 Kh7 25. Rhd1 Nge7 26. Nf6+ Kg7 27. Bxc6 bxc6 28. Nd7 Nd5 29. Nxb8 Rxb8 30. Kf3 Rb3 31. Rd3 Rb2 32. c4 Nde7 33. Bf6+ Kh7 34. Rd8 Ng8 35. Rxg8 Rb3+ 36. Kf2 Rb2+ 37. Kg1 g5 38. Rxg5 Ne3 39. Rxh5+ Kg6 40. Rg5+ Kh6 41. Rd8 Rb1+ 42. Kf2 Nd1+ 43. Kg3 Rb3+ 44. Kh2 1-0

[Event "Bundesliga 2425"]
[Site "Germany"]
[Date "2025.04.25"]
[Round "13.1"]
[White "Tabatabaei, Mohammad Amin"]
[Black "Indjic, Aleksandar"]
[Result "1-0"]
[WhiteElo "2714"]
[BlackElo "2611"]
[PlyCount "129"]
[EventDate "2024.09.28"]
[EventType "team-tourn"]
[EventRounds "15"]
[EventCountry "GER"]
[SourceTitle "CB18_2025"]
[SourceDate "2025.04.30"]
[SourceVersion "1"]
[SourceVersionDate "2025.04.30"]
[SourceQuality "1"]
[WhiteTeam "Bayern Muenchen"]
[BlackTeam "Deggendorf"]
[WhiteTeamCountry "GER"]
[BlackTeamCountry "GER"]

1. d4 Nf6 2. c4 c5 3. d5 g6 4. Nc3 Bg7 5. e4 d6 6. Be2 e6 7. Nf3 0-0 8. 0-0 Re8 9. h3 exd5 10. exd5 Nbd7 11. Bg5 h6 12. Bf4 Nf8 13. Bh2 a6 14. Bd3 b6 15. Qc2 Ra7 16. Rab1 N8h7 17. Qd2 Nh5 18. Rfe1 Rxe1+ 19. Rxe1 Bf8 20. g4 N5f6 21. Bf4 h5 22. g5 Ne8 23. Kg2 Qd7 24. Rh1 Ng7 25. Nh4 Qd8 26. Be3 Re7 27. f4 Qe8 28. Bf2 Bd7 29. Re1 Qc8 30. Rxe7 Bxe7 31. Qe3 Qd8 32. Be1 Nf8 33. b3 f5 34. a4 Qe8 35. Bd2 Bd8 36. Qf2 Qf7 37. Kf1 Ne8 38. Ne2 Nc7 39. Bc3 a5 40. Ba1 Qh7 41. Ng3 Ne8 42. Qc2 Ng7 43. Kf2 Kf7 44. Qc3 Ne8 45. Ne2 Kg8 46. Qc1 Kf7 47. Nc3 Nc7 48. Nd1 Ne8 49. Ne3 Kg8 50. Nf3 Be7 51. Kg2 Bd8 52. Nc2 Nc7 53. Na3 Bc8 54. Qc3 Bd7 55. Kf2 Bc8 56. Bb2 Bd7 57. Nh4 Bc8 58. Ng2 Kf7 59. Qe1 Be7 60. Nb5 Nxb5 61. cxb5 Ke8 62. Ne3 Kd7 63. Nc4 Bd8 64. Nxd6 Qe7 65. Be5 1-0

[Event "Titled Tuesday intern op 01st Apr Early"]
[Site "Chess.com INT"]
[Date "2025.04.01"]
[Round "6"]
[White "Dardha, Daniel"]
[Black "Tabatabaei, Mohammad Amin"]
[Result "1-0"]
[WhiteElo "2665"]
[BlackElo "2669"]
[PlyCount "107"]
[EventDate "2025.04.01"]
[EventType "swiss (blitz)"]
[EventRounds "11"]
[EventCountry "USA"]
[SourceTitle "CB15_2025"]
[SourceDate "2025.04.09"]
[SourceVersion "1"]
[SourceVersionDate "2025.04.09"]
[SourceQuality "1"]

1. e4 c6 2. d4 d5 3. e5 Bf5 4. h4 h5 5. c4 e6 6. Nc3 dxc4 7. Bxc4 Nd7 8. Bb3 Be7 9. Bc2 Nh6 10. Bxh6 Bxc2 11. Qxc2 Rxh6 12. Nf3 Nb6 13. g3 Nd5 14. 0-0 Rg6 15. Ne4 Kf8 16. Nfg5 Bxg5 17. Nxg5 Rxg5 18. hxg5 Qxg5 19. Qe4 g6 20. Kg2 Kg7 21. Rac1 Rh8 22. Rh1 h4 23. Rce1 hxg3 24. fxg3 Rxh1 25. Rxh1 Qd2+ 26. Kh3 Ne3 27. Rh2 Qe1 28. Qf3 Nf5 29. Rf2 Qc1 30. Kh2 Kg8 31. Qf4 Qe1 32. g4 Nh6 33. Kg2 Kg7 34. Qf6+ Kh7 35. g5 Nf5 36. Qxf7+ Kh8 37. Qf8+ Kh7 38. Rxf5 exf5 39. Qh6+ Kg8 40. Qxg6+ Kh8 41. Qf6+ Kg8 42. Qg6+ Kh8 43. Qxf5 Qe2+ 44. Kg3 Qe3+ 45. Qf3 Qxg5+ 46. Qg4 Qe3+ 47. Kh4 Qe1+ 48. Kh5 Qh1+ 49. Kg6 Qb1+ 50. Kf6 Qf1+ 51. Qf5 Qg2 52. Qh5+ Kg8 53. Qg6+ Qxg6+ 54. Kxg6 1-0

[Event "Titled Tuesday intern op 01st Apr Early"]
[Site "Chess.com INT"]
[Date "2025.04.01"]
[Round "8"]
[White "Tabatabaei, Mohammad Amin"]
[Black "Firouzja, Alireza"]
[Result "1-0"]
[WhiteElo "2669"]
[BlackElo "2757"]
[PlyCount "71"]
[EventDate "2025.04.01"]
[EventType "swiss (blitz)"]
[EventRounds "11"]
[EventCountry "USA"]
[SourceTitle "CB15_2025"]
[SourceDate "2025.04.09"]
[SourceVersion "1"]
[SourceVersionDate "2025.04.09"]
[SourceQuality "1"]

1. c4 Nf6 2. Nc3 e5 3. Nf3 d6 4. g3 c6 5. Bg2 Be7 6. 0-0 0-0 7. e4 Be6 8. b3 Nbd7 9. d4 Bg4 10. Be3 exd4 11. Qxd4 Re8 12. h3 Bh5 13. g4 Bg6 14. Nh4 Nxe4 15. Bxe4 Bf6 16. Qd3 Bxc3 17. Bxg6 hxg6 18. Qxc3 Qxh4 19. Kg2 Re6 20. Rad1 Qe7 21. Rd2 Nf6 22. Rd3 d5 23. Rfd1 Re8 24. Bxa7 Ra8 25. Be3 Rxa2 26. Ra1 Ne4 27. Qc1 Rxa1 28. Qxa1 dxc4 29. Qa8+ Kh7 30. Rd8 g5 31. bxc4 Kg6 32. Rh8 Nf6 33. Qa1 Rxe3 34. fxe3 Qxe3 35. Qf1 Ne4 36. Qf5# 1-0

[Event "Titled Tuesday intern op 01st Apr Early"]
[Site "Chess.com INT"]
[Date "2025.04.01"]
[Round "1"]
[White "Tabatabaei, Mohammad Amin"]
[Black "Musial, Igor"]
[Result "1-0"]
[WhiteElo "2669"]
[BlackElo "2289"]
[PlyCount "83"]
[EventDate "2025.04.01"]
[EventType "swiss (blitz)"]
[EventRounds "11"]
[EventCountry "USA"]
[SourceTitle "CB15_2025"]
[SourceDate "2025.04.09"]
[SourceVersion "1"]
[SourceVersionDate "2025.04.09"]
[SourceQuality "1"]

1. c4 c5 2. g3 Nc6 3. Bg2 g6 4. Nc3 Bg7 5. d3 d6 6. e3 e5 7. Nge2 Nge7 8. a3 Be6 9. Nd5 0-0 10. Rb1 a5 11. Nec3 f5 12. h4 Bf7 13. h5 Nxd5 14. hxg6 hxg6 15. Bxd5 Bxd5 16. cxd5 Ne7 17. e4 Qd7 18. a4 f4 19. Bd2 fxg3 20. fxg3 Rf7 21. Qe2 Raf8 22. Qh2 Rf3 23. Kd1 Qg4 24. Kc2 Kf7 25. Rbf1 Rh8 26. Qg2 Rxf1 27. Qxf1+ Ke8 28. Rxh8+ Bxh8 29. Nb5 Nc8 30. Nc7+ Ke7 31. Ne6 Bf6 32. Qh1 Qh5 33. Qxh5 gxh5 34. Bxa5 b6 35. Be1 Kd7 36. Kc3 Ne7 37. Kc4 Ng6 38. Kb5 h4 39. gxh4 Nxh4 40. Kxb6 Nf3 41. Bc3 Bh4 42. a5 1-0

[Event "Titled Tuesday intern op 01st Apr Early"]
[Site "Chess.com INT"]
[Date "2025.04.01"]
[Round "5"]
[White "Tabatabaei, Mohammad Amin"]
[Black "Wagner, Dennis"]
[Result "1-0"]
[WhiteElo "2669"]
[BlackElo "2614"]
[PlyCount "83"]
[EventDate "2025.04.01"]
[EventType "swiss (blitz)"]
[EventRounds "11"]
[EventCountry "USA"]
[SourceTitle "CB15_2025"]
[SourceDate "2025.04.09"]
[SourceVersion "1"]
[SourceVersionDate "2025.04.09"]
[SourceQuality "1"]

1. d4 Nf6 2. c4 e6 3. Nf3 d5 4. Nc3 c5 5. e3 dxc4 6. Bxc4 a6 7. a4 Nc6 8. 0-0 Be7 9. Qe2 cxd4 10. Rd1 e5 11. exd4 exd4 12. Nxd4 Nxd4 13. Qe3 0-0 14. Qxd4 Qxd4 15. Rxd4 Bc5 16. Rd1 Bg4 17. Re1 h6 18. h3 Bd7 19. Be3 Bxe3 20. Rxe3 Rfe8 21. Rae1 Rxe3 22. Rxe3 Re8 23. Rxe8+ Bxe8 24. f4 Kf8 25. Kf2 Ke7 26. Ke3 Kd6 27. Kd4 Bc6 28. g4 Bg2 29. g5 hxg5 30. fxg5 Nh7 31. h4 f6 32. g6 Nf8 33. h5 Ne6+ 34. Ke3 Ke5 35. Bxe6 Kxe6 36. Kf4 Bf1 37. a5 Bc4 38. Ne4 Be2 39. Ng3 Bd1 40. Nf5 Bxh5 41. Nxg7+ Ke7 42. Nxh5 1-0

[Event "Titled Tuesday intern op 11th Mar Early"]
[Site "Chess.com INT"]
[Date "2025.03.11"]
[Round "11"]
[White "Pranesh, Munirethinam"]
[Black "Tabatabaei, Mohammad Amin"]
[Result "1-0"]
[WhiteElo "2584"]
[BlackElo "2669"]
[PlyCount "83"]
[EventDate "2025.03.11"]
[EventType "swiss (blitz)"]
[EventRounds "11"]
[EventCountry "USA"]
[SourceTitle "CB12_2025"]
[SourceDate "2025.03.19"]
[SourceVersion "1"]
[SourceVersionDate "2025.03.19"]
[SourceQuality "1"]

1. d4 Nf6 2. Nc3 d5 3. Bf4 a6 4. e3 e6 5. Nf3 Nbd7 6. Bd3 b5 7. 0-0 Bb7 8. Ne5 c5 9. Nxd7 Qxd7 10. dxc5 Bxc5 11. Be5 Bd6 12. f4 Qc7 13. Bxd6 Qxd6 14. Ne2 0-0 15. Nd4 b4 16. a3 a5 17. Qd2 Rfc8 18. h3 h6 19. axb4 axb4 20. b3 Nd7 21. Bb5 Nf6 22. Bd3 Qb6 23. Kh2 Nd7 24. Bb5 Nc5 25. Qxb4 Ne4 26. Qe7 Rab8 27. Bd3 Nf6 28. Ra4 Rc7 29. Qb4 Qxb4 30. Rxb4 Ra8 31. Ra4 Rxa4 32. bxa4 Nd7 33. Rb1 Nc5 34. Bb5 g5 35. a5 gxf4 36. exf4 Kg7 37. Bf1 h5 38. Rb6 Kf6 39. a6 Bc8 40. Nb5 Bxa6 41. Nxc7 Bxf1 42. Nxd5+ 1-0

[Event "Titled Tuesday intern op 11th Mar Early"]
[Site "Chess.com INT"]
[Date "2025.03.11"]
[Round "5"]
[White "Shandrygin, Nikita"]
[Black "Tabatabaei, Mohammad Amin"]
[Result "0-1"]
[WhiteElo "2209"]
[BlackElo "2669"]
[PlyCount "136"]
[EventDate "2025.03.11"]
[EventType "swiss (blitz)"]
[EventRounds "11"]
[EventCountry "USA"]
[SourceTitle "CB12_2025"]
[SourceDate "2025.03.19"]
[SourceVersion "1"]
[SourceVersionDate "2025.03.19"]
[SourceQuality "1"]

1. Nf3 Nf6 2. g3 b5 3. Bg2 Bb7 4. 0-0 e6 5. d4 Be7 6. b3 0-0 7. Bb2 d6 8. Nbd2 Nbd7 9. c4 b4 10. Qc2 c5 11. e4 cxd4 12. Nxd4 Qb6 13. a4 Rac8 14. a5 Qc5 15. Qd3 Ne5 16. Qe2 a6 17. Kh1 Rfd8 18. f4 Ned7 19. f5 e5 20. Nc2 Nb8 21. Ne3 Nc6 22. Nd5 Bf8 23. g4 Nd4 24. Qd1 h6 25. h4 Nh7 26. g5 hxg5 27. hxg5 Nxg5 28. f6 g6 29. Qg4 Nde6 30. Nf3 Nxf3 31. Rxf3 Bxd5 32. exd5 Nf4 33. Qh4 Qc7 34. Bc1 Qd7 35. Bxf4 exf4 36. Rh3 Qxh3+ 37. Bxh3 Rb8 38. Re1 Re8 39. Kg2 Re5 40. Bd7 Rd8 41. Rxe5 dxe5 42. Bc6 Bd6 43. Kf3 Rc8 44. Qg4 Rd8 45. Qh4 Rc8 46. Ke4 Rd8 47. Qh3 Bf8 48. Qh4 Bd6 49. Qf2 Kh7 50. c5 Bf8 51. d6 g5 52. Kd3 Kg6 53. Be4+ Kxf6 54. Kc4 g4 55. Qg2 Kg5 56. Qh1 f5 57. Bd5 f3 58. Qh7 f2 59. Qh1 e4 60. Qc1+ Kh4 61. Qf4 e3 62. Bg2 Bh6 63. Qh2+ Kg5 64. Qe5 Kg6 65. Qe6+ Kh5 66. Qf7+ Kh4 67. Qe7+ Kg3 68. Qh7 Kxg2 0-1

[Event "Moscow Aeroflot op-A"]
[Site "Moscow"]
[Date "2025.03.05"]
[Round "7"]
[White "Mahdavi, Reza"]
[Black "Tabatabaei, Mohammad Amin"]
[Result "0-1"]
[WhiteElo "2436"]
[BlackElo "2669"]
[PlyCount "96"]
[EventDate "2025.03.01"]
[EventType "swiss"]
[EventRounds "9"]
[EventCountry "RUS"]
[SourceTitle "CB11_2025"]
[SourceDate "2025.03.12"]
[SourceVersion "1"]
[SourceVersionDate "2025.03.12"]
[SourceQuality "1"]

1. e4 e6 2. d4 d5 3. e5 c5 4. c3 Nc6 5. Nf3 Bd7 6. Be2 Nge7 7. 0-0 cxd4 8. cxd4 Nf5 9. Nc3 Rc8 10. Kh1 a6 11. a3 h6 12. Be3 Be7 13. Bd3 Nxe3 14. fxe3 0-0 15. Rc1 Na5 16. Qe2 g6 17. Nd2 b5 18. Rf3 Kg7 19. Bb1 f5 20. exf6+ Rxf6 21. Rcf1 Be8 22. Rxf6 Bxf6 23. Qg4 Qd6 24. e4 h5 25. Qf3 Bg5 26. exd5 exd5 27. Nde4 dxe4 28. Nxe4 Qf4 29. Nxg5 Qxf3 30. Nxf3 Nc4 31. Rc1 Bd7 32. Ne5 Nxb2 33. Rxc8 Bxc8 34. Bxg6 Nc4 35. Bxh5 Nxa3 36. Bd1 Be6 37. Nc6 Bd5 38. Nb4 Bb7 39. Kg1 a5 40. Nd3 b4 41. Ba4 Nb1 42. Kf2 Nc3 43. Bb3 Be4 44. Nc5 Bc6 45. g4 a4 46. Bxa4 Nxa4 47. Nxa4 Bxa4 48. Ke3 b3 0-1

[Event "Moscow Aeroflot op-A"]
[Site "Moscow"]
[Date "2025.03.02"]
[Round "3"]
[White "Grachev, Alexey1"]
[Black "Tabatabaei, Mohammad Amin"]
[Result "1/2-1/2"]
[WhiteElo "2405"]
[BlackElo "2669"]
[PlyCount "51"]
[EventDate "2025.03.01"]
[EventType "swiss"]
[EventRounds "9"]
[EventCountry "RUS"]
[SourceTitle "CB11_2025"]
[SourceDate "2025.03.12"]
[SourceVersion "1"]
[SourceVersionDate "2025.03.12"]
[SourceQuality "1"]

1. c4 e6 2. Nc3 d5 3. d4 c5 4. cxd5 cxd4 5. Qxd4 Nc6 6. Qd1 exd5 7. Qxd5 Bd6 8. Bg5 Nge7 9. Qd2 h6 10. Bh4 Qb6 11. Rd1 Bb4 12. Bxe7 Nxe7 13. a3 Bxc3 14. Qxc3 0-0 15. Nf3 Be6 16. Qb4 Qc7 17. Nd4 Bd5 18. f3 Qe5 19. Kf2 Rac8 20. e4 Bc6 21. Be2 Kh8 22. g3 f5 23. exf5 Nxf5 24. Nxf5 Bxf3 25. Bxf3 Qxf5 26. Rhf1 1/2-1/2

[Event "Titled Tuesday intern op 04th Feb Late"]
[Site "Chess.com INT"]
[Date "2025.02.04"]
[Round "2"]
[White "Koc, Przemyslaw"]
[Black "Tabatabaei, Mohammad Amin"]
[Result "0-1"]
[WhiteElo "2346"]
[BlackElo "2666"]
[PlyCount "32"]
[EventDate "2025.02.04"]
[EventType "swiss (blitz)"]
[EventRounds "11"]
[EventCountry "USA"]
[SourceTitle "CB07_2025"]
[SourceDate "2025.02.12"]
[SourceVersion "1"]
[SourceVersionDate "2025.02.12"]
[SourceQuality "1"]

1. d4 e6 2. Nf3 c5 3. c4 cxd4 4. Nxd4 Nf6 5. Nc3 d5 6. e3 a6 7. cxd5 Nxd5 8. Nxd5 Qxd5 9. Bd3 Qxg2 10. Rf1 Nc6 11. Nxc6 Qxc6 12. Bd2 Bd7 13. Qg4 Qb6 14. Bc3 0-0-0 15. Qg3 Bc6 16. Rc1 Rxd3 0-1

[Event "Titled Tuesday intern op 04th Feb Late"]
[Site "Chess.com INT"]
[Date "2025.02.04"]
[Round "8"]
[White "Martinez Alcantara, Jose Eduardo"]
[Black "Tabatabaei, Mohammad Amin"]
[Result "1-0"]
[WhiteElo "2606"]
[BlackElo "2666"]
[PlyCount "161"]
[EventDate "2025.02.04"]
[EventType "swiss (blitz)"]
[EventRounds "11"]
[EventCountry "USA"]
[SourceTitle "CB07_2025"]
[SourceDate "2025.02.12"]
[SourceVersion "1"]
[SourceVersionDate "2025.02.12"]
[SourceQuality "1"]

1. e4 c5 2. Nf3 d6 3. c3 Nf6 4. h3 g6 5. Bd3 Bg7 6. Bc2 0-0 7. 0-0 Nc6 8. d4 e5 9. d5 Na5 10. Nbd2 b5 11. b4 Nb7 12. a4 Bd7 13. a5 a6 14. Re1 Rc8 15. Nf1 Nh5 16. Ne3 Nf4 17. Kh2 Kh8 18. Rb1 f5 19. exf5 gxf5 20. g3 Ng6 21. Ng2 e4 22. Ng5 Bxc3 23. Nxh7 Kxh7 24. Qh5+ Kg7 25. Bh6+ Kf7 26. Bxf8 Qxf8 27. Nf4 Qg7 28. Rxe4 Rh8 29. Qxg6+ Qxg6 30. Nxg6 fxe4 31. Nxh8+ Bxh8 32. Bxe4 cxb4 33. Rxb4 Bc3 34. Rb1 Nxa5 35. h4 b4 36. Bd3 Bb5 37. Bf5 b3 38. h5 b2 39. h6 Nc4 40. h7 Nd2 41. Rd1 Nc4 42. Rd3 b1Q 43. Rxc3 Qxf5 44. h8Q Qxf2+ 45. Kh3 Qf1+ 46. Kh2 Qf2+ 47. Kh3 Bd7+ 48. g4 Qf1+ 49. Kh2 Qf2+ 50. Kh3 Qf1+ 51. Kh2 Qe2+ 52. Kh1 Qd1+ 53. Kh2 Qd2+ 54. Kg1 Qxd5 55. Qh7+ Ke8 56. Qg6+ Kd8 57. Qf6+ Kc7 58. g5 Qd1+ 59. Kg2 Bc6+ 60. Kg3 Qg1+ 61. Kh4 Qh2+ 62. Rh3 Qe2 63. g6 Qe4+ 64. Kg5 Ne5 65. Rh7+ Kb6 66. Qf5 Qxf5+ 67. Kxf5 Bd5 68. g7 a5 69. Rh6 Kc5 70. Re6 Bxe6+ 71. Kxe6 Nc6 72. g8Q Nd4+ 73. Kd7 d5 74. Qc8+ Kb5 75. Kd6 Nb3 76. Kxd5 Kb4 77. Qc4+ Ka3 78. Qb5 a4 79. Kc4 Nd2+ 80. Kc3 Ne4+ 81. Kc2 1-0